Statistiques concernant Devinez le Pays Mystère #56

Cliquez ici pour prendre le quiz!

Statistiques générales

  • Ce quiz a été pris 351 fois
  • Le résultat moyen est 10 sur 15

Statistiques - réponses

Type de RéponseRéponse% Correct
Lettre TrouvéeE
100%
Lettre TrouvéeS
90%
Lettre TrouvéeO
89%
Lettre TrouvéeL
81%
Lettre Bien PlacéeO
78%
Lettre TrouvéeT
78%
Lettre TrouvéeO
59%
Lettre TrouvéeH
54%
Lettre Bien PlacéeE
53%
Lettre Bien PlacéeT
53%
Lettre Bien PlacéeL
49%
Lettre Bien PlacéeH
47%
Pays MystèreLesotho
47%
Lettre Bien PlacéeO
47%
Lettre Bien PlacéeS
47%

Distribution des résultats

Percentile par nombre de réponses

% des personnes avec chaque résultat

Votre développement - résultats

Vous n’avez pas pris ce quiz